Livro branco de Defesa Nacional / (Registro n. 8424)
[ somente texto ]
| 000 -LÍDER | |
|---|---|
| campo de controle de tamanho fixo | 01434nam a2200265 a 4500 |
| 001 - NÚMERO DE CONTROLE | |
| campo de controle | BS0003361 |
| 003 - IDENTIFICADOR DO NÚMERO DE CONTROLE | |
| campo de controle | BR-BrBNA |
| 005 - DATA E HORÁRIO DA ÚLTIMA TRANSAÇÃO | |
| campo de controle | 20230418192307.0 |
| 008 - CAMPO DE DADOS FIXOS--INFORMAÇÃO GERAL | |
| campo de controle de tamanho fixo | 230308b |||||||| |||| 00| 0 por d |
| 040 ## - FONTE DA CATALOGAÇÃO | |
| Instituição da catalogação original | BR-BrBNA |
| Idioma da catalogação | por |
| Instituição que transcreveu o registro | Biblioteca Nacional de Agricultura |
| 041 ## - CÓDIGO DE IDIOMA | |
| Código do idioma do texto/trilha sonora ou título diferente | por |
| 072 ## - CÓDIGO DE CATEGORIA DE ASSUNTO | |
| Código de Categoria de Assunto | B52 |
| 090 ## - NÚMERO DE CHAMADA LOCAL | |
| Número de chamada | B52 BS0003361 |
| 110 1# - ENTRADA PRINCIPAL--NOME CORPORATIVO | |
| Nome corporativo ou nome da jurisdição | República Federativa do Brasil |
| 245 1# - TÍTULO | |
| Título | Livro branco de Defesa Nacional / |
| 250 1# - EDIÇÃO | |
| Edição | s. ed. |
| 260 3# - PUBLICAÇÃO, DISTRIBUIÇÃO, ETC. | |
| Local de publicação, distribuição, etc. | Brasilia, DF: |
| Nome do editor, distribuidor, etc. | Ministerio da Defesa, |
| Data da publicação, distribuição, etc. | 2012. |
| 300 ## - DESCRIÇÃO FÍSICA | |
| Extensão | 282 p. |
| 500 ## - NOTA GERAL | |
| Nota geral | Contém DVD: O DVD que acompanha este Volume contém material de texto e audiovisual que suplementa o conteúdo dos seis capitulos.<br/> |
| 520 3# - NOTA DE RESUMO, ETC | |
| Resumo, etc. | O Livro Branco é um documento público, em forma de livro, que expõe a visão do governo sobre o tema da defesa, a ser apresentado à comunidade nacional e internacional e pode ser considerado instrumento de prestações de contas, na medida em que apresenta ao público o que se espera dos instrumentos nacionais de defesa. Como definiu o ex-ministro da Defesa Nelson Jobim, a publicação é uma "importante contribuição à população brasileira, por divulgar temas de defesa e justificar as alocações dos recursos orçamentários necessários para alcançar os níveis de desempenho exigidos pela Política Nacional de Defesa" |
| 650 ## - ASSUNTO--TERMO TÓPICO | |
| Cabeçalho tópico ou nome geográfico | POLITICA |
| 650 ## - ASSUNTO--TERMO TÓPICO | |
| Cabeçalho tópico ou nome geográfico | GOVERNO |
| 909 ## - | |
| -- | 202304 |
| -- | Sergio Santos |
| -- | 56 |
| -- | Sergio Santos |
| 942 ## - ELEMENTOS DE ENTRADA ADICIONADOS (KOHA) | |
| Tipo de material Koha | Livros |
| Situação do descarte | Fonte da classificação ou esquema de arquivamento na estante | Situação física | Não pode ser emprestado | Coleção | Biblioteca de origem | Biblioteca atual | Total de empréstimos | Número de telefone completo | Código de barras | Data de último acesso | Número do exemplar | Tipo de material Koha | Situação das perdas | Data de aquisição | Fonte de aquisição | Qualificador de local codificado |
|---|---|---|---|---|---|---|---|---|---|---|---|---|---|---|---|---|
| Classificação AGRIS | Acervo Cultural | Biblioteca Nacional de Agricultura - Binagri | Biblioteca Nacional de Agricultura - Binagri | B52 BS0003361 | B52 BS0003361 | 12/04/2023 | 01 | Livros | 2023-04-04 | Doação | B52 |

BINAGRI